LIBRARY & INFORMATION CENTRE, KCAET, TAVANUR

ONLINE PUBLIC ACCESS CATALOGUE (OPAC)

Soil and environmental chemistry / (Record no. 13748)

MARC details
000 -LEADER
fixed length control field 00534cam a22001934a 4500
003 - CONTROL NUMBER IDENTIFIER
control field OSt
008 - FIXED-LENGTH DATA ELEMENTS--GENERAL INFORMATION
fixed length control field 240220b |||||||| |||| 00| 0 eng d
020 ## - INTERNATIONAL STANDARD BOOK NUMBER
ISBN 9780124157972 (alk. paper)
041 ## - LANGUAGE CODE
Language code of text/sound track or separate title eng
082 00 - DEWEY DECIMAL CLASSIFICATION NUMBER
Classification number 631.41
Item number BLE/SO
100 1# - MAIN ENTRY--AUTHOR NAME
Personal name Bleam, W. F.
245 10 - TITLE STATEMENT
Title Soil and environmental chemistry /
260 ## - PUBLICATION, DISTRIBUTION, ETC. (IMPRINT)
Place of publication Boston :
Name of publisher Academic Press,
Year of publication c2012.
300 ## - PHYSICAL DESCRIPTION
Number of Pages 478 p. :
Other physical details ill ;
500 ## - GENERAL NOTE
General note Reprinted with corrections.
650 #0 - SUBJECT ADDED ENTRY--TOPICAL TERM
Topical Term Soil chemistry.
650 #0 - SUBJECT ADDED ENTRY--TOPICAL TERM
Topical Term Environmental chemistry.
942 ## - ADDED ENTRY ELEMENTS (KOHA)
Koha item type Books
Holdings
Withdrawn status Lost status Damaged status Collection code Home library Current library Shelving location Date acquired Source of acquisition Cost, normal purchase price Full call number Accession Number Koha item type
      Non-fiction KAUAET KAUAET General Stacks 06/07/2012 Universal Research Books, Trichur 4668.40 631.41 BLE/SO 23359 Books
free website counter